000 00835nam a2200325Ia 4500
008 170203s9999 xx 000 0 und d
020 _a0-439537762
050 _aFic
050 _bL847z
100 _aLondon, Jonathan.
245 _aZack at the dentist /
245 _cby Jonathan London ; illustrated by Jack Medoff.
260 _aNew York :
260 _bScholastic,
260 _c2004
300 _a1 volume (unpaged) :
300 _bcolor illustrations ;
300 _c21 cm
500 _a"Cartwheel books."
650 _aChimpanzees --
650 _aChimpanzees --
650 _aDentists --
650 _aDentists --
650 _aHippopotamus --
650 _xFiction.
650 _xFiction.
650 _xJuvenile fiction.
650 _xJuvenile fiction.
650 _xJuvenile fiction.
999 _c306392
_d306392